| 000 | 00953nam a2200301Ia 4500 | ||
|---|---|---|---|
| 001 | Para_5936 | ||
| 003 | CHAP | ||
| 008 | 220125s1974 xx 000 0 und d | ||
| 010 | _a204397 | ||
| 040 | _cCHAP | ||
| 090 | _aPA TESIS 219 | ||
| 100 |
_aOlarte Espinosa, William _982963 |
||
| 245 |
_aToxicidad y esterilidad de algunas combinaciones de afolato y tepa sobre mosca doméstica Linneo / _c por William Olarte Espinosa |
||
| 260 |
_aChapingo, Méx. : _b el autor |
||
| 300 | _a88 h. | ||
| 502 | _aTesis (M.C. Esp. en Entomología) CP | ||
| 650 |
_aControl biológico de plagas _927587 |
||
| 650 |
_aEsterilidad en insectos _938291 |
||
| 650 |
_aMosca doméstica _9138850 |
||
| 710 |
_aColegio de Postgraduados. Rama de Entomología _9170301 |
||
| 901 | _aPA TESIS 219 | ||
| 902 | _aA | ||
| 905 | _a0000001974 i 0000000000 00 | ||
| 910 | _a1974 | ||
| 942 | _cPARA | ||
| 942 |
_cPARA _d1 |
||
| 999 |
_c204397 _d204397 |
||